Проекты зданий одноштатных, трехштатных земских и министерских школ (синька) и сметы на их постройку

Доступно только в Электронных читальных залах Найти на картеНа карте
RUSMARC
00003912nmc2a22002533x 450
001d9af0c07-4bec-4dbb-b6b1-280ab0b630ac
00520240124155158.0
100##$a20230214l19101913k l0rusy0189 ca
1010#$arus
102##$aRU
105##$ae###
1222#$ad
2001#$aПроекты зданий одноштатных, трехштатных земских и министерских школ (синька) и сметы на их постройку
$j1910-1913 гг.
215##$a103 л.
$cплан.
$d36,5х26 см
251##$cДело
300##$aНовомосковский уезд, Екатеринославская губерния
300##$aНа обложке указано: "Планы и сметы"
371##$aДокумент не является опубликованным и широко распространяемым
461#0$1001a74412a3-3cc5-4d21-8f0a-dfe2fbd9e72d
$12001
$aДепартамент народного просвещения Министерства народного просвещения (1803-1917)
$1251
$cФонд
$1852
$j733
462#0$1001eefd6294-0537-45df-8819-30374025727c
$12001
$aПроекты школьных зданий и сметы на их постройку (в связи с подготовкой введения всеобщего обучения)
$1251
$cОпись
$1852
$j233
801#0$aRU
$bРГИА
$c20230214
$gRCR
801#1$aRU
$bГлавНИВЦ
$c20230214
$2rusmarc
801#2$aRU
$bПБ им. Б.Н. Ельцина
$c20240124
$gRCR
$2rusmarc
850##$aРГИА
852##$aРГИА
$eФедеральное казенное учреждение "Российский государственный исторический архив" (РГИА)
$j117
937##$hРГИА
$d12396972
$aASBIBLIO_SCAN
035##$aRusGRCC00065603
856##$uhttp://readingroom.main.prlib.ru/item.aspx?id_node=n190601176&mode=full
Формат отображения